000 00335nam a2200145Ia 4500
003 OSt
005 20240311113354.0
008 170524s9999 xx 000 0 und d
020 _aNIL
040 _cIIMTU MEERUT
100 _aGUPTA- R. P.
245 0 _aMOLIK VEDHUT ABHIYANTRIKEE
260 _bBHARAT BHARATI: MEERUT
942 _2ddc
_c02
999 _c7623
_d7623